Luật trách nhiệm bồi thường của nhà nước
Giới thiệu một số quy định pháp luật về trách nhiệm bồi thường của Nhà nước trong hoạt động quản lý hành chính, hoạt động tố tụng và hoạt động thi hành án; những thiệt hại được bồi thường, kinh phí bồi thường, thủ tục chi trả, trác...
Αποθηκεύτηκε σε:
| Συλλογικό Έργο: | , |
|---|---|
| Μορφή: | Βιβλίο |
| Γλώσσα: | Undetermined |
| Έκδοση: |
Hà Nội
Chính trị quốc gia
2010
|
| Θέματα: | |
| Ετικέτες: |
Προσθήκη ετικέτας
Δεν υπάρχουν, Καταχωρήστε ετικέτα πρώτοι!
|
| Thư viện lưu trữ: | Trung tâm Học liệu Trường Đại học Cần Thơ |
|---|
| LEADER | 01516nam a2200241Ia 4500 | ||
|---|---|---|---|
| 001 | CTU_159742 | ||
| 008 | 210402s9999 xx 000 0 und d | ||
| 020 | |c 9500 | ||
| 082 | |a 342.597041 | ||
| 082 | |b V308 | ||
| 110 | |a Việt Nam (cộng hòa Xã hội chủ nghĩa) | ||
| 110 | |b Quốc hội | ||
| 245 | 0 | |a Luật trách nhiệm bồi thường của nhà nước | |
| 245 | 0 | |c Việt Nam (cộng hòa Xã hội chủ nghĩa). Quốc hội | |
| 260 | |a Hà Nội | ||
| 260 | |b Chính trị quốc gia | ||
| 260 | |c 2010 | ||
| 520 | |a Giới thiệu một số quy định pháp luật về trách nhiệm bồi thường của Nhà nước trong hoạt động quản lý hành chính, hoạt động tố tụng và hoạt động thi hành án; những thiệt hại được bồi thường, kinh phí bồi thường, thủ tục chi trả, trách nhiệm hoàn trả và những quy định chung, các điều khoản thi hành được quy định trong Luật trách nhiệm bồi thường của Nhà nước | ||
| 650 | |a User charges,Government property,Người được bồi thường,Sở hữu chính phủ | ||
| 650 | |x Law and legislation,Luật và văn bản quy phạm pháp luật | ||
| 650 | |z Vietnam,Vietnam,Việt Nam,Việt Nam | ||
| 904 | |i Trọng Hải | ||
| 980 | |a Trung tâm Học liệu Trường Đại học Cần Thơ | ||